|
|
|
|
| LEADER |
01050nam a22002773a 4500 |
| 001 |
7727 |
| 003 |
BD-DhAAL |
| 005 |
20150711195722.0 |
| 008 |
150711s1985 nyuaf 000 1 eng d |
| 010 |
|
|
|a 98812470
|
| 020 |
|
|
|a 0352317302
|
| 020 |
|
|
|a 0440108012 (pbk.) :
|c $2.95
|
| 040 |
|
|
|a OWR
|c OWR
|d OCL
|d BGU
|d OCL
|d OCLCQ
|d DLC
|d BD-DhAAL
|
| 050 |
0 |
0 |
|a CPB Box no. 1123 vol. 1
|
| 082 |
|
|
|a 813/.6
|
| 100 |
1 |
|
|a McIntyre, Vonda N.
|9 13122
|
| 245 |
1 |
4 |
|a The bride /
|c Vonda N. McIntyre ; based on the screenplay by LLoyd Fonvielle.
|
| 260 |
|
|
|a New York :
|a London :
|b Dell,
|b A Star Book,
|c c1985.
|
| 300 |
|
|
|a 190 p. :
|b ill. ;
|c 18 cm.
|
| 541 |
|
|
|e 7727
|
| 650 |
|
0 |
|a Frankenstein (Fictitious character)
|v Fiction.
|9 13123
|
| 700 |
1 |
|
|a Fonvielle, Lloyd.
|9 13124
|
| 710 |
2 |
|
|a Copyright Paperback Collection (Library of Congress)
|5 DLC
|9 12847
|
| 942 |
|
|
|2 ddc
|c BK
|
| 999 |
|
|
|c 35039
|d 35039
|
| 952 |
|
|
|0 0
|1 0
|2 ddc
|4 0
|6 813_600000000000000_MCL
|7 0
|9 54919
|a SCL
|b SCL
|c GEN
|d 2015-07-11
|e Gift
|l 13
|m 52
|o 813.6 MCL
|p 3020007727
|r 2023-02-14
|s 2023-02-11
|t 1
|w 2015-07-11
|y BK
|